00399nam a2200157Ia 4500001000500000005001700005008004100022041000800063082001500071100003000086245007200116260000900188300002800197650000800225654000800233846720260306160611.0260306t2021||||xx |||||||||||||| ||spa|| aESP a371.1bC24 aCamps Bansell, JaumeeAUT 0aCorazón educador:bun ensayo sobre la vocación a la enseñanza c2021 a163 páginas :c23 cm. aGEN aCED